The ARLA review and index for residential investment, in association with the ARLA group of buy to let mortgage lenders (Record no. 107942)
[ view plain ]
| 000 -LEADER | |
|---|---|
| fixed length control field | 01383cad a22002175a 4500 |
| 001 - CONTROL NUMBER | |
| control field | L142692 |
| 008 - FIXED-LENGTH DATA ELEMENTS--GENERAL INFORMATION | |
| fixed length control field | 080229s2007 xxkd f s 000 0 eng d |
| 035 ## - SYSTEM CONTROL NUMBER | |
| System control number | (Sirsi) u142692 |
| 041 0# - LANGUAGE CODE | |
| Language code of text/sound track or separate title | eng |
| 050 04 - LIBRARY OF CONGRESS CALL NUMBER | |
| Classification number | 332.6324 $2 18 |
| 110 2# - MAIN ENTRY--CORPORATE NAME | |
| Corporate name or jurisdiction name as entry element | Association of Residential Letting Agents |
| 9 (RLIN) | 3020 |
| 245 04 - TITLE STATEMENT | |
| Title | The ARLA review and index for residential investment, in association with the ARLA group of buy to let mortgage lenders |
| Remainder of title | fourth quarter 2007 |
| Medium | [electronic resource] |
| 260 ## - PUBLICATION, DISTRIBUTION, ETC. | |
| Place of publication, distribution, etc. | Warwick |
| Name of publisher, distributor, etc. | ARLA |
| Date of publication, distribution, etc. | 2007 |
| 520 ## - SUMMARY, ETC. | |
| Summary, etc. | Reports data from ARLA's quarterly survey of member letting agents and investor landlords. Covers yields, rents, void periods, types of rental property and regional differences. In this first review, figures for the final quarter of 2007 show a 1.3% fall in the value of rented houses over the previous three months, resulting from house price value falls. The average value of rented flats fell by 1.1% across the country. Achievable rent levels have increased over the previous six months, with 72% of respondents in London and 44% in the rest of the UK reporting that this was the case. |
| 521 2# - TARGET AUDIENCE NOTE | |
| Target audience note | Advanced |
| 590 ## - LOCAL NOTE (RLIN) | |
| Local note | KA |
| 651 #4 - SUBJECT ADDED ENTRY--GEOGRAPHIC NAME | |
| Geographic name | United Kingdom |
| Chronological subdivision | |
| 690 ## - LOCAL SUBJECT ADDED ENTRY--TOPICAL TERM (OCLC, RLIN) | |
| Topical term or geographic name as entry element | PROPERTY-RESIDENTIAL PROPERTY-RESIDENTIAL PROPERTY MARKET |
| 856 40 - ELECTRONIC LOCATION AND ACCESS | |
| Uniform Resource Identifier | <a href="https://www.arla.co.uk/btl/arlaindices_q407.htm">https://www.arla.co.uk/btl/arlaindices_q407.htm</a> |
| Public note | View the item free of charge at www.arla.co.uk... |
| 942 ## - ADDED ENTRY ELEMENTS (KOHA) | |
| Suppress in OPAC | 0 |
| Withdrawn status | Lost status | Source of classification or shelving scheme | Damaged status | Not for loan | Home library | Current library | Shelving location | Date acquired | Total Checkouts | Full call number | Barcode | Date last seen | Copy number | Price effective from | Koha item type |
|---|---|---|---|---|---|---|---|---|---|---|---|---|---|---|---|
| Dewey Decimal Classification | Virtual | Virtual | Online | 29/02/2008 | ONLINE PUBLICATION | 142692-1001 | 06/08/2019 | 1 | 06/08/2019 | Book |